| 000 | 01002nam a2200313 i 4500 | ||
|---|---|---|---|
| 001 | 79096 | ||
| 003 | ES-MaACL | ||
| 005 | 20250803094133.0 | ||
| 007 | t| | ||
| 008 | 041019s1983 sp ||||1| spa d | ||
| 017 | _aM 40466-1983 | ||
| 020 | _a8486280001 | ||
| 040 | _cES-MaACL | ||
| 100 | 0 |
_aHernández Castanedo, Francisco _962906 _eaut |
|
| 245 | 1 | 3 |
_aEl Madrid tremebundo : _b(crímenes célebres, 1797-1958) / _cFrancisco Hernández Castanedo |
| 250 | _a[1ª ed.]. | ||
| 260 |
_aMadrid : _bEl Avapiés, _c[1983] |
||
| 300 |
_a215 páginas ; _c20 cm |
||
| 490 | 1 |
_aColección Avapiés ; _v1 |
|
| 650 | 7 |
_9166054 _aDelitos |
|
| 651 | 7 |
_aMadrid- _xHistoria- _zS.XVIII _2 _9143696 |
|
| 651 | 4 |
_98969 _aMadrid- _xHistoria- _yS.XIX |
|
| 651 | 4 |
_98972 _aMadrid- _xHistoria- _yS.XX |
|
| 830 | 0 |
_aAvapiés _v1 _9178596 |
|
| 852 |
_aES-MaACL _jL-5630 _bR.106247 _cDEPO2 _xEncuadernación rústica |
||
| 942 |
_cMONOGRAFIA _n0 |
||
| 999 |
_c79096 _d79096 |
||